000 00716nam a2200217 a 4500
001 000040331
005 20201002034049.0
008 130821s2005 mx 000 0 spa d
020 _a9703223818
040 _aDO-SdBNP
_bspa
_cBNPHU
100 1 _aCardona Peña, Alfredo
_966626
245 1 0 _aEl secreto de la reina Amaranta /
_cviñetas de Rigol.
260 _aMéxico :
_bUniversidad Nacional Autónoma de México :,
_c2005.
300 _a33 p. :
_bil. ;
_c21 cm.
490 1 _aLunes
_v19
500 _aIncluye datos biográficos del autor en la p. 3
533 _aFacsímil:
_bMéxico
_d1946
700 1 _aRigol
_966627
710 2 _aUniversidad Nacional Autónoma de México
_942447
830 0 _aLunes
_v19
_966616
999 _c39821
_d39821